| 000 | 00852nam a2200277 c 4500 | ||
|---|---|---|---|
| 999 |
_c188832 _d188832 |
||
| 003 | BLK | ||
| 005 | 20220419093447.0 | ||
| 008 | 180411b bul|||||r ||||||| ||bul|| | ||
| 010 | _aKNG00197851000 | ||
| 040 | _aBLK | ||
| 041 |
_aBUL _cBUL |
||
| 080 |
_aБългарска литература _b821.163.2 _x-32 _z821.163.2-32 |
||
| 100 | 1 |
_aЦонев, Васил _eпърви автор _9249140 |
|
| 139 |
_aЦонев, Васил _bЦ 80 |
||
| 245 | 1 | 0 |
_aНовели _cВасил Цонев. |
| 257 | _aBGR | ||
| 260 |
_bОФ _c1982 _fВ. Търново : Д. Найденов _aСофия |
||
| 300 |
_a223 с. _c20 см |
||
| 380 | _aX | ||
| 500 | _a20 100 тир. | ||
| 852 |
_aЦб116315 _bЦб |
||
| 856 | 4 | _qpdf | |
| 856 | 4 | _qpdf | |
| 942 |
_cKNG _n0 _s1 |
||
| 944 |
_aCR _c12.12.2016 _kВаля_Йорданова |
||
| 944 |
_aED _c12.12.2016 _kВаля_Йорданова |
||
| 944 |
_aED _c2022-04-19 _kВП |
||
| 999 | _d188832 | ||